000 01353cam a22002653a 4500
001 16886
003 PGUSA
005 20140828083347.0
008 051016s2005||||xxu|||||s|||||000 | eng d
040 _aPGUSA
_beng
042 _adc
050 4 _aPQ
100 1 _aGourmont, Remy de,
_d1858-1915
245 1 0 _aLe livre des masques :
_bPortraits symbolistes
_h[electronic resource] /
_cRemy de Gourmont
260 _bProject Gutenberg,
_c2005
505 0 _aMaurice Maeterlinck -- Émile Verhaeren -- Henri de Régnier -- Francis Vielé-Griffin -- Stéphane Mallarmé -- Albert Samain -- Pierre Quillard -- A.-F. Herold -- Adolphe Retté -- Villiers de l'Isle-Adam -- Laurent Tailhade -- Jules Renard -- Louis Dumur -- Georges Eekhoud -- Paul Adam -- Lautréamont -- Tristan Corbière -- Arthur Rimbaud -- Francis Poictevin -- André Gide -- Pierre Louys -- Rachilde -- J.-K. Huysmans -- Jules Laforgue -- Jean Moréas -- Stuart Merrill -- Saint-Pol-Roux -- Robert de Montesquiou -- Gustave Kahn -- Paul Verlaine.
506 _aPublic domain in the USA.
516 _aElectronic text
653 _aFrench literature -- 19th century -- History and criticism
653 _aSymbolism in literature
700 1 _aVallotton, Félix,
_d1865-1925
830 0 _aProject Gutenberg
_v16886
856 4 0 _uhttp://www.gutenberg.org/ebooks/16886
942 _cEB
999 _c246141
_d246141